[Event "Sochi ChessAmateur op"]
[Site "Sochi"]
[Date "2018.04.04"]
[Round "5"]
[White "Aliev, Saidkosim"]
[Black "Ulyankin, Igor"]
[Result "1-0"]
[WhiteElo "2176"]
[BlackElo "1996"]
[PlyCount "65"]
[EventDate "2018.04.01"]
[EventType "swiss"]
[EventRounds "9"]
[EventCountry "RUS"]
[SourceTitle "CBM 184 Extra"]
[Source "ChessBase"]
[SourceDate "2018.06.28"]
[SourceVersion "1"]
[SourceVersionDate "2018.06.28"]
[SourceQuality "1"]

1. e4 c5 2. Nf3 Nf6 3. e5 Nd5 4. Nc3 Nxc3 5. dxc3 Nc6 6. Bc4 e6 7. Bf4 a6 8. a4 Qc7 9. Qe2 d5 10. exd6 Bxd6 11. Bg3 h6 12. Rd1 Bxg3 13. hxg3 Bd7 14. Ng5 Ne5 15. Ne4 Nxc4 16. Qxc4 Ke7 17. Nxc5 Rhd8 18. Rh5 a5 19. Rd4 Bc6 20. Nd3 Qb6 21. f3 Rxd4 22. cxd4 Rd8 23. Rc5 Rd5 24. Qc3 f6 25. b3 Qd8 26. Rxd5 exd5 27. Nf4 Kf7 28. Kf2 g5 29. Nh5 Bd7 30. Qd3 f5 31. g4 Qc8 32. Ng3 fxg4 33. Qh7+ 1-0

[Event "Sochi ChessAmateur op"]
[Site "Sochi"]
[Date "2018.04.03"]
[Round "4"]
[White "Zakharov, Denis"]
[Black "Aliev, Saidkosim"]
[Result "0-1"]
[WhiteElo "1898"]
[BlackElo "2176"]
[PlyCount "54"]
[EventDate "2018.04.01"]
[EventType "swiss"]
[EventRounds "9"]
[EventCountry "RUS"]
[SourceTitle "CBM 184 Extra"]
[Source "ChessBase"]
[SourceDate "2018.06.28"]
[SourceVersion "1"]
[SourceVersionDate "2018.06.28"]
[SourceQuality "1"]

1. e4 c5 2. Nf3 d6 3. g3 Nf6 4. d3 Nc6 5. Bg2 d5 6. exd5 Nxd5 7. 0-0 g6 8. Nbd2 Bg7 9. Re1 0-0 10. a4 Bg4 11. c3 Qd7 12. a5 Rad8 13. Nc4 Qf5 14. Qe2 Qh5 15. Be3 Rd7 16. Bxc5 Nxc3 17. bxc3 Qxc5 18. d4 Bxd4 19. Ne3 Bxf3 20. Bxf3 Bxc3 21. Bxc6 Qxc6 22. Rec1 Qf6 23. Ra2 Rfd8 24. a6 bxa6 25. Rxa6 Rd2 26. Ng4 Rxe2 27. Nxf6+ Bxf6 0-1

[Event "Sochi ChessAmateur op"]
[Site "Sochi"]
[Date "2018.04.01"]
[Round "1"]
[White "Aliev, Saidkosim"]
[Black "Kamaeva, Dzhamilya"]
[Result "1-0"]
[WhiteElo "2176"]
[BlackElo "1517"]
[PlyCount "59"]
[EventDate "2018.04.01"]
[EventType "swiss"]
[EventRounds "9"]
[EventCountry "RUS"]
[SourceTitle "CBM 184 Extra"]
[Source "ChessBase"]
[SourceDate "2018.06.28"]
[SourceVersion "1"]
[SourceVersionDate "2018.06.28"]
[SourceQuality "1"]

1. e4 e5 2. Nf3 Nc6 3. Bc4 Nf6 4. Ng5 d5 5. exd5 Na5 6. Bb5+ c6 7. dxc6 bxc6 8. Bd3 Ng4 9. Nf3 Bc5 10. 0-0 f5 11. b4 Bxf2+ 12. Rxf2 Nxf2 13. Kxf2 Qb6+ 14. Kf1 Qxb4 15. Nxe5 Qd4 16. Qe2 0-0 17. Bc4+ Nxc4 18. Qxc4+ Qxc4+ 19. Nxc4 Ba6 20. Nba3 g5 21. d3 f4 22. Ne5 h5 23. h3 Rae8 24. Bb2 Bc8 25. Nac4 Re6 26. Nd2 Rfe8 27. Re1 g4 28. hxg4 hxg4 29. Ne4 Rf6 30. Ke2 1-0